|
|
|
|
| LEADER |
00000nas a2200000 i 4500 |
| 001 |
ssj0000490968 |
| 003 |
WaSeSS |
| 005 |
20200512172242.0 |
| 006 |
m d |
| 007 |
cr n |
| 008 |
110520c20119999pauqr p s 0 a0eng c |
| 010 |
|
|
|a 2011263165
|
| 015 |
|
|
|a GBB628593
|2 bnb
|
| 016 |
7 |
|
|a 017111106
|2 Uk
|
| 022 |
|
|
|a 2029-7009
|l 2029-7009
|y 2029-6991
|
| 035 |
|
|
|a (WaSeSS)ssj0000490968
|
| 037 |
|
|
|b Taylor and Francis Group, LLC, 325 Chestnut St., Ste. 800, Philadelphia, PA 19106
|
| 040 |
|
|
|a TXA
|b eng
|e pn
|c TXA
|d TXA
|d OCLCQ
|d OCLCF
|d OCLCO
|d AGL
|d SERSO
|d CUS
|d OCLCQ
|d NLE
|d DLC
|d AU@
|d UKMGB
|d WaSeSS
|
| 041 |
0 |
|
|a eng
|a lit
|
| 042 |
|
|
|a pcc
|
| 043 |
|
|
|a e-li---
|
| 050 |
0 |
0 |
|a QB275
|
| 070 |
0 |
|
|a QB275
|b .G46
|
| 210 |
1 |
|
|a Geod. cartogr.
|b (Vilnius. Online)
|
| 222 |
|
0 |
|a Geodesy and cartography
|b (Vilnius. Online)
|
| 245 |
0 |
0 |
|a Geodesy and cartography
|h [electronic resource].
|
| 260 |
|
|
|a Philadelphia, PA :
|b Taylor & Francis Group,
|c 2011-
|
| 310 |
|
|
|a Four issues a year
|
| 362 |
1 |
|
|a Began with: Volume 1, issue 1 (1963).
|
| 506 |
|
|
|a License restrictions may limit access.
|
| 546 |
|
|
|a In English with some contributions in Lithuanian.
|
| 588 |
|
|
|a Description based on: Volume 1, issue 1 (1963); title from PDF article header (InformaWorld, viewed May 20, 2011).
|
| 588 |
|
|
|a Latest issue consulted: Volume 43, issue 4 (2017)(Taylor & Francis Online, viewed September 12, 2018).
|
| 650 |
|
0 |
|a Geodesy
|v Periodicals.
|
| 650 |
|
0 |
|a Geodesy
|z Lithuania
|v Periodicals.
|
| 650 |
|
0 |
|a Cartography
|z Lithuania
|v Periodicals.
|
| 650 |
|
0 |
|a Cartography
|v Periodicals.
|
| 650 |
|
0 |
|a Surveying
|v Periodicals.
|
| 650 |
|
7 |
|a Cartography.
|2 fast
|0 (OCoLC)fst00848025
|
| 650 |
|
7 |
|a Geodesy.
|2 fast
|0 (OCoLC)fst00940371
|
| 650 |
|
7 |
|a Surveying.
|2 fast
|0 (OCoLC)fst01139579
|
| 651 |
|
7 |
|a Lithuania.
|2 fast
|0 (OCoLC)fst01227863
|
| 655 |
|
0 |
|a Electronic journals.
|
| 710 |
2 |
|
|a Vilniaus Technikos universitetas.
|
| 776 |
0 |
8 |
|i Print version:
|t Geodesy and cartography
|x 2029-6991
|
| 780 |
0 |
0 |
|t Geodezija ir kartografija
|x 1648-3502
|w (DLC) 2011263160
|w (OCoLC)163567029
|
| 850 |
|
|
|a DLC
|
| 856 |
4 |
0 |
|z Full text available from Research Library: 04/01/2018 to present
|u https://search.proquest.com/publication/1416350
|